Der Arzt eine medicinische Wochenschrift

Bibliographic Details
Other Authors: Unzer, Johann August (Editor)
Format: Journal
Language:German
PhysicalDescription:24 cm
Published: Hamburg Lüneburg Leipzig verlegts Gotthils Christian Berth [1760-1796]
Subjects:

MARC

LEADER 00000nas a2200000 4500
001 vtls012270715
003 SK-MaSNL
005 20260228160530.0
008 250206d17601796gw br p 000 b0ger
015 |a SNBHFB 
040 |a SNKHF  |b slo  |c SNKHF  |e rda 
041 0 |a ger 
044 |a gw  |c DE 
072 7 |a 61  |x Lekárske vedy. Medicína  |2 konspekt 
080 |a (051)-048.55  |2 2011 
080 |a 61  |2 2011 
245 0 4 |a Der Arzt  |b eine medicinische Wochenschrift 
264 1 |a Hamburg  |a Lüneburg  |a Leipzig  |b verlegts Gotthils Christian Berth  |c [1760-1796] 
300 |c 24 cm 
310 |a 6x ročne 
336 |a text  |b txt  |2 rdacontent 
337 |a bez média  |b n  |2 rdamedia 
338 |a zväzok  |b nc  |2 rdacarrierr 
362 0 |a [Rok 1760-rok 1796]  |z ZDB/2025 
500 |a Editor: 1760-1796, Johann August Unzer 
546 |a Nemčina  |b Fraktúra 
561 |a Proveniencia: pečiatka Dr. E. Kadarász - ver. not. poz. Margity Zayovej Čís.8537-8542.  |5 SNK ČC 4408/1769 
588 |a Popis podľa: 1. Band (1769) 
650 0 7 |a medicína  |2 SNKPH  |9 899 
655 7 |a špecializované časopisy  |2 SNKPH  |9 70509 
700 1 |a Unzer, Johann August  |4 edt  |9 266823 
700 1 |a Berth, Gotthils Christian  |4 pbl  |9 266824 
752 |a Nemecko  |d Hamburg 
752 |a Nemecko  |d Lüneburg 
752 |a Nemecko  |d Leipzig 
852 |a snk  |b Zaiova knižnica: Zay 8077-8082  |p ČC 4408/1769 
958 |a DD 
999 |c 2890  |d 4820 
952 |0 0  |1 0  |4 0  |7 0  |8 5  |a SNK  |b SNK  |c SNK_HF  |d 2025-02-06  |i snk2025/1984  |l 0  |o snkČC 4408/1769  |p 17A1489101  |r 2026-02-21 22:33:48  |t Zay 8077-8082  |w 2026-02-21  |y PREZ